Der Archivar Mitteilungsblatt für deutsches Archivwesen. Herausgegeben von Mordrhein-westfölischen Hauptstaatsarchiv. 42. Jahrgang, 1989. Heft 1-3

Bibliographic Details
Main Author: Kartous, Peter, 1943- (Author)
Format: Article
Language:Slovak
Subjects:

MARC

LEADER 00000nab a2200000 a 4500
001 vtls000405699
003 SK-MaSNL
005 20260304235642.0
008 230223c1990 xo 0 slo
015 |a SNBRB19rr/mm-uuuuu 
035 |a CL0405823 
035 |a urn:nbn:sk:snk-ab7h2a 
035 |a (urnnbn)urn:nbn:sk:snk:ar-005s63 
035 |a (uuid)c479b23a-d5ce-4546-9965-98edb6460627 
040 |a SNKBUCL  |b slo  |c SNKBUCL  |e AACR2 
041 0 |a slo 
044 |a xo  |c SK 
080 |a 930.25:05(430)  |2 1981 
080 |a 05(430):930.25  |2 1981 
100 1 |a Kartous, Peter,  |d 1943-  |4 aut  |9 100853 
245 1 4 |a Der Archivar Mitteilungsblatt für deutsches Archivwesen. Herausgegeben von Mordrhein-westfölischen Hauptstaatsarchiv. 42. Jahrgang, 1989. Heft 1-3  |c Peter Kartous 
630 0 4 |a Der Archivar (časopis)  |2 snkbucl  |9 1011592 
655 7 |a bibliografické prehľady  |2 snkbucl  |9 534643 
655 7 |a články z novín a časopisov  |2 snkbucl  |9 267496 
773 0 |t Slovenská archivistika  |g Roč. 25, č. 1 (1990), s. 148-150 
850 |a Slovenská národná knižnica v Martine  |a MTA001 
852 |a SNK  |b KIS3GCP 
954 |a odborná, vedecká literatúra pôvodná (slovenská)  |2 lita 
958 |a OND 
958 |a RK 
958 |a DE 
958 |a EUIPO 
958 |a article7 
992 |a RBX 
999 |c 3209839  |d 3211769